000
00325nam a2200109Ia 4500
008
171211s9999 xx 000 0 und d
245
_a
Auswirkungen der Reform der Leasingbilanzierung nach IFRS
245
_c
Markus Stockinger
260
_c
2014
650
_x
Economics
856
_u
http://down.ebook777.com/065/365808040X.pdf
999
_c
348083
_d
348083